000 01610nam a22001457a 4500
999 _c516249
_d516249
008 210220b ||||| |||| 00| 0 eng d
100 _aShepard, M., Betz, M. and Snyder, A.
_924289
245 _aThe shale boom and family structure: Oil and gas employment growth relationship to marriage, divorce, and cohabitation
260 _aRural Sociology
300 _a 85(3), Sep, 2020: p.623-657
520 _aShale oil and gas extraction technology has caused a large shift in the United States' energy landscape over the last decade. This had a wide range of impacts on rural communities mostly in which oil and gas extraction occurs. While many studies have focused on the economic and environmental impact of shale development, researchers have only begun to study the social changes brought on by the shale resource extraction. We examine the influence of shale oil and gas employment as a share of overall county employment on county marriage, divorce, and cohabitation rates. We find evidence that oil and gas employment growth is associated with decreased marriage rates and increased divorce rates from 2009 to 2014. We test several channels through which oil and gas development may influence marriage behaviors and find that changes in female labor force participation, county sex ratios, and median household incomes are associated with oil and gas development. We also test for differences across the rural/urban continuum and find that our results are largely driven by nonmetro counties. - Reproduced
773 _aRural Sociology
906 _aRURAL DEVELOPMENT - UNITED STATES
942 _cAR